000 01529cam a2200289 4500
001 L159049
008 010829n2015 000 0 eng u
035 _a(Sirsi) u159049
041 _aeng
050 _a692.8
_c18
110 2 _aInstitute of Civil Engineers
_95948
245 4 _aThe Alliancing Code of Practice for Infrastructure Alliancing
_h[electronic resource]
260 _bICE
_c2015
520 _aAims to help infrastructure companies collaborate more effectively and avoid disputes when working on projects together. The web page explains how to create, deliver and sustain a successful alliance that benefits clients, suppliers and end users of assets. It includes using an interactive grid matrix, case studies and a self-assessment tool. It also gives advice about avoiding common pitfalls that can result in costly lawsuits. It also enables infrastructure clients and companies to share experiences and develop their own guidance and best practice materials.
590 _aKA
650 _aPARTNERING
650 _aALLIANCING
650 _aBUILT ENVIRONMENT-BUILDING CONTRACT FORMS
650 _aCONSTRUCTION PROJECTS
650 _aCONSTRUCTION INDUSTRY
651 4 _aUnited Kingdom
690 _aProcurement
_96260
690 _aInfrastructure
_96246
710 _aThe Infrastructure Client Group
_96172
856 4 0 _uhttps://www.ice.org.uk/disciplines-and-resources/best-practice/alliancing-code-of-practice-grid-infrastructure/
_zView the item free of charge at www.ice.org.uk...
942 _n0
999 _c115646
_d115646